000 00597nam a22001937a 4500
003 BD-ChCU
005 20260617101216.0
008 260617b bg ||||| |||| 00| 0 engd
020 _a9789842932113
040 _cBD-ChCU
082 _223
_a330.95492 A286p
100 _aAhmed, A.F.Jaglul.
_923785
245 _aPolitics for many not few :
_ban idea of alternative governance /
_cA.F. Jaglul Ahmed.
260 _aDhaka :
_bA.H. Development Pub.,
_c2025
300 _a155 P. :
504 _aIncludes.
650 0 _aEconomic conditions-Bangladesh ; Economic history.
_923788
942 _2ddc
_cBK
_n0
999 _c113376
_d113376